Statistiques concernant Villes membres de la ligue hanséatique sur une carte

Cliquez ici pour prendre le quiz!

Statistiques générales

  • Ce quiz a été pris 45 fois
  • Le résultat moyen est 16 sur 39

Réponses sur la Carte

Les réponses sont colorées sur une échelle allant du rouge au vert en fonction du pourcentage des utilisateurs qui les ont devinées à leur premier essai. Vous pouvez retrouver ces pourcentages ci-dessous.
 

Statistiques - réponses

Ville% Correct
Hambourg
95%
Berlin
87%
Riga
85%
Stockholm
85%
Bruges/Anvers
82%
Gdańsk (Dantzig)
82%
Londres
79%
Brême
77%
Cologne
77%
Tallinn (Réval)
77%
Lübeck
69%
Cracovie
67%
Rostock
64%
Kaliningrad (Königsberg)
59%
Francfort-sur-l'Oder
54%
Groningue
46%
Bergen
41%
Dortmund
41%
Wrocław (Breslau)
41%
Visby
38%
Novgorod
33%
Szczecin (Stettin)
31%
Tartu (Dorpat)
26%
Erfurt
23%
Magdebourg
21%
Toruń (Thorn)
21%
Brunswick
15%
Osnabrück
13%
Stralsund
13%
Wismar
13%
Elbląg (Elbing)
5%
Greifswald
5%
Lunebourg
5%
Chełmno (Culm)
3%
Goslar
3%
Kampen
3%
Soest
3%
Deventer
0%
Ruremonde
0%

Distribution des résultats

Percentile par nombre de réponses

% des personnes avec chaque résultat

Votre développement - résultats

Vous n’avez pas pris ce quiz